東京都国立市の町名 - Statistics

General Stats
  • This quiz has been taken 22 times
  • The average score is 8 of 10
Answer Stats
Answer % Correct
100%
100%
100%
西
95%
谷保
95%
矢川
79%
富士見台
63%
青柳
63%
58%
石田
47%
No matching quizzes found
Score Distribution
Percent of People with Each Score
Percentile by Number Answered
Your Score History
You have not taken this quiz